000
00178nam a22000857a 4500
003
SGT
245
_a
Journal of Maxillofacial & Oral Surgery
260
_c
2008-2011
942
_2
ddc
_c
BV
999
_c
27593
_d
27593